| 000 | 00905nam a22002417a 4500 | ||
|---|---|---|---|
| 999 |
_c162113 _d162113 |
||
| 005 | 20190813164752.0 | ||
| 010 | _a1819CHEN B-718272-292 | ||
| 020 |
_c175.00 _a9789387103078 |
||
| 035 | _aB-718272-292 | ||
| 035 | _aB-728591 | ||
| 037 | _bPansy Books | ||
| 082 | _aS | ||
| 100 | _aArundhati Venkatesh | ||
| 245 |
_aPetu pumpkin cheater peter / _cby Arundhati Venkatesh ; illustrated by Shilpa Ranade |
||
| 260 |
_bDuckbill Books _aChennai _c2018 |
||
| 270 |
_bChennai _aF2, Oyster Operaa, 35/36, Gangai Street Kalakshetra Colony _e600090 |
||
| 300 |
_a65p.: _c20cm(pbk) _bill. |
||
| 500 | _aAirport | ||
| 700 | _aRanade, Shilpa | ||
| 942 |
_2ddc _cCH _mARU _hS |
||